[Event "ICS rated standard match"]
[Site "204.178.125.65"]
[Date "2000.12.15"]
[Round "?"]
[White "BOXERMA"]
[Black "Hossa"]
[Result "0-1"]
[WhiteElo "1971"]
[BlackElo "2402"]
[PlyCount "28"]
[EventDate "2000.??.??"]

1. e4 c5 2. c3 d5 3. exd5 Qxd5 4. d4 Nf6 5. Nf3 Bg4 6. Be2 e6 7. O-O Nc6 8. c4
Qd7 9. dxc5 Bxc5 10. Qxd7+ Nxd7 11. Nc3 Bxf3 12. Bxf3 Nde5 13. Be2 Nd4 14. b3
Bb4 {BOXERMA resigns} 0-1

[Event "ICS rated standard match"]
[Site "204.178.125.65"]
[Date "2000.12.15"]
[Round "?"]
[White "Hossa"]
[Black "BOXERMA"]
[Result "1-0"]
[WhiteElo "2404"]
[BlackElo "1969"]
[PlyCount "41"]
[EventDate "2000.??.??"]

1. d4 d5 2. Nf3 Bg4 3. c4 Bxf3 4. exf3 Nf6 5. Qb3 b6 6. cxd5 Nxd5 7. Bc4 e6 8.
Nc3 c6 9. O-O Be7 10. Nxd5 exd5 11. Bd3 O-O 12. Qc2 h6 13. Bd2 Qd6 14. Rfe1 Bf6
15. Be3 Nd7 16. Bh7+ Kh8 17. Bf5 Rfd8 18. Rac1 Rac8 19. Qe2 Rc7 20. Qd2 Nf8 21.
Bf4 {BOXERMA resigns} 1-0

[Event "ICS rated standard match"]
[Site "204.178.125.65"]
[Date "2000.12.15"]
[Round "?"]
[White "BOXERMA"]
[Black "Hossa"]
[Result "1/2-1/2"]
[WhiteElo "1967"]
[BlackElo "2406"]
[PlyCount "116"]
[EventDate "2000.??.??"]

1. e4 c5 2. c3 d5 3. exd5 Qxd5 4. d4 Nf6 5. Nf3 Bg4 6. Be2 e6 7. O-O Nc6 8. Be3
cxd4 9. Nxd4 Bxe2 10. Qxe2 Bc5 11. Nxc6 Qxc6 12. Bxc5 Qxc5 13. Nd2 O-O 14. Ne4
Nxe4 15. Qxe4 Rfd8 16. Rfd1 Qh5 17. Rd3 Rxd3 18. Qxd3 g6 19. Rd1 h6 20. h3 Qe5
21. Qe3 Qxe3 22. fxe3 Kg7 23. Rd7 b6 24. Kf2 Kf6 25. Ke2 e5 26. c4 Ke6 27. Rd5
f5 28. Kd3 Rc8 29. b3 Rc6 30. Rd8 Rd6+ 31. Rxd6+ Kxd6 32. b4 Ke6 33. e4 Kd6 34.
Ke3 a5 35. a3 Kd7 36. Kf3 h5 37. Ke3 h4 38. Kf3 Kd6 39. Ke3 Kc6 40. Kf3 Kd7 41.
Ke3 Kd6 42. Kf3 a4 43. Ke3 Ke7 44. Kf3 Kf7 45. Ke3 Kf6 46. Kf3 Ke7 47. Ke3 Kd7
48. Kf3 Ke8 49. Ke3 Kf7 50. Kf3 Ke6 51. Ke3 Kd6 52. Kf3 Kd7 53. Ke3 Kc6 54. Kf3
fxe4+ 55. Kxe4 Kd6 56. Ke3 Ke6 57. Ke4 Kd6 58. Ke3 Ke6 {
Game drawn by mutual agreement} 1/2-1/2

[Event "ICS rated standard match"]
[Site "204.178.125.65"]
[Date "2000.12.15"]
[Round "?"]
[White "Hossa"]
[Black "BrazilianMaster"]
[Result "0-1"]
[WhiteElo "2392"]
[BlackElo "2696"]
[PlyCount "124"]
[EventDate "2000.??.??"]

1. e4 c5 2. Nf3 Nc6 3. Nc3 e6 4. g3 d6 5. d3 Nf6 6. Bg2 Be7 7. O-O O-O 8. Kh1
a6 9. a3 d5 10. Bd2 h6 11. Bf4 Re8 12. Qe2 d4 13. Na2 Nd7 14. Bh3 Nf8 15. Ne5
Nxe5 16. Bxe5 Ng6 17. Bf4 e5 18. Bxc8 Qxc8 19. Bd2 Qh3 20. f3 b5 21. Qg2 Qh5
22. f4 exf4 23. Bxf4 Rac8 24. Bd2 Ne5 25. Rf5 Bg5 26. Raf1 f6 27. Nc1 c4 28.
Ne2 cxd3 29. Nxd4 dxc2 30. Bxg5 hxg5 31. Nxc2 Ng4 32. h4 Rc4 33. e5 Nh6 34.
Qd5+ Qf7 35. Qxf7+ Kxf7 36. Ne3 Re4 37. R5f3 gxh4 38. Ng2 h3 39. Nf4 R4xe5 40.
Nd3 Re2 41. Nf4 Rxb2 42. Nd3 Ra2 43. Nf2 Ree2 44. Kg1 Kg6 45. g4 h2+ 46. Kh1
Kg5 47. Nd1 Ra1 48. Nc3 Rxf1+ 49. Rxf1 Rc2 50. Ne4+ Kxg4 51. Nf2+ Kf3 52. Nh3+
Kg3 53. Nf4 g6 54. Nd3 Ng4 55. Rd1 f5 56. Rb1 Rc3 57. Rd1 f4 58. a4 f3 59. Rd2
Rxd3 60. a5 Nf2+ 61. Rxf2 Rd1+ 62. Rf1 Rxf1# {Hossa checkmated} 0-1

[Event "ICS rated blitz match"]
[Site "204.178.125.65"]
[Date "2000.12.15"]
[Round "?"]
[White "Hossa"]
[Black "chesskeats"]
[Result "1-0"]
[WhiteElo "2519"]
[BlackElo "1902"]
[PlyCount "67"]
[EventDate "2000.??.??"]

1. e4 c5 2. c3 d5 3. exd5 Qxd5 4. d4 Nf6 5. Nf3 e6 6. Bd3 Nc6 7. O-O Be7 8.
dxc5 Bxc5 9. b4 Bb6 10. Be3 Bxe3 11. fxe3 Ne5 12. Nxe5 Qxe5 13. Qf3 O-O 14. Qf4
Qh5 15. Na3 Bd7 16. Qf3 Qxf3 17. Rxf3 Bc6 18. Rf4 Nd5 19. Rh4 h6 20. b5 Bd7 21.
Be4 Nxe3 22. Rh3 Nf5 23. Bxb7 Rab8 24. Ba6 Bc8 25. Bxc8 Rfxc8 26. Rd3 Rd8 27.
Rad1 Rxd3 28. Rxd3 Rc8 29. Rd7 Rxc3 30. Rxa7 Ne3 31. b6 Ng4 32. Kf1 Ne3+ 33.
Ke2 Nxg2 34. b7 {chesskeats resigns} 1-0

[Event "ICS rated blitz match"]
[Site "204.178.125.65"]
[Date "2000.12.15"]
[Round "?"]
[White "Hossa"]
[Black "PostModernist"]
[Result "0-1"]
[WhiteElo "2520"]
[BlackElo "2613"]
[PlyCount "154"]
[EventDate "2000.??.??"]

1. e4 c5 2. c3 d5 3. exd5 Qxd5 4. d4 Nf6 5. Nf3 e6 6. Bd3 Be7 7. O-O O-O 8. c4
Qd7 9. dxc5 Rd8 10. Ne5 Qd4 11. Qe2 Nbd7 12. Nxd7 Bxd7 13. Rd1 Qh4 14. Nd2 Ba4
15. Nb3 Bxb3 16. axb3 Bxc5 17. g3 Qh3 18. Qf1 Qxf1+ 19. Kxf1 Ng4 20. b4 Bxb4
21. Be2 Rxd1+ 22. Bxd1 Ne5 23. Be2 Nc6 24. Bf3 Rd8 25. Be3 a5 26. Bb6 Rd6 27.
Bc7 Rd7 28. Bb6 f5 29. Kg2 Rd2 30. Re1 Kf7 31. Re2 Rxe2 32. Bxe2 g5 33. g4 Kf6
34. Bf3 Bd2 35. gxf5 exf5 36. b3 g4 37. Bd5 h5 38. Kf1 Ke5 39. Bc7+ Kd4 40.
Bb6+ Kd3 41. Be6 Kc2 42. Bc8 Kxb3 43. Bxb7 Ne5 44. Ke2 Bb4 45. Bd5 Kc3 46. Bd8
a4 47. Bf6 Kd4 48. Kd1 f4 49. Kc2 Be1 50. f3 Bb4 51. Kb2 gxf3 52. Bxe5+ Kxe5
53. Bxf3 a3+ 54. Ka2 h4 55. Kb3 Kd4 56. Bc6 Ke3 57. Bg2 f3 58. Bh3 Bd6 59. Kc3
Bxh2 60. Bf1 Kf2 61. Bh3 Bd6 62. c5 Bxc5 63. Bg4 Kg2 64. Kc4 f2 65. Kxc5 f1=Q
66. Be6 Qf2+ 67. Kc6 Qf6 68. Kc5 Qxe6 69. Kd4 a2 70. Kd3 Qc4+ 71. Kxc4 a1=Q 72.
Kd3 Qa4 73. Kc3 h3 74. Kd3 h2 75. Ke3 h1=Q 76. Kd3 Qhd1+ 77. Ke3 Qad4# {
Hossa checkmated} 0-1

[Event "ICS unrated blitz match"]
[Site "204.178.125.65"]
[Date "2000.12.15"]
[Round "?"]
[White "Hossa"]
[Black "diep"]
[Result "1/2-1/2"]
[WhiteElo "2508"]
[BlackElo "2741"]
[PlyCount "341"]
[EventDate "2000.??.??"]

1. Nf3 d5 2. c4 e6 3. d4 Nf6 4. Bg5 Be7 5. e3 O-O 6. Nc3 h6 7. Bh4 b6 8. Ne5
Ba6 9. Qf3 c6 10. cxd5 cxd5 11. Bxa6 Nxa6 12. O-O Rc8 13. Rac1 Qe8 14. Qe2 Nb4
15. Bg3 Nd7 16. Ng4 Qd8 17. f4 f5 18. Ne5 Nxe5 19. fxe5 Kf7 20. a3 Nc6 21. Qh5+
Kg8 22. Qg6 Qd7 23. Bf4 Bh4 24. Qh5 Bd8 25. Nb5 a6 26. Nd6 Rc7 27. g4 Ne7 28.
g5 hxg5 29. Qxg5 Rxc1 30. Rxc1 Nc8 31. Qg3 Be7 32. Rc2 Rd8 33. Rg2 Bf8 34. Bg5
Be7 35. Bh6 Bf8 36. Qg5 Nxd6 37. exd6 Rc8 38. Qg6 Rc1+ 39. Kf2 Qxd6 40. Kf3 Qd7
41. Bf4 Qf7 42. Qxf7+ Kxf7 43. h4 g6 44. Kg3 b5 45. Be5 a5 46. Rh2 Rg1+ 47. Kf2
Rb1 48. Kf3 Rf1+ 49. Kg2 Rd1 50. Kf3 Rf1+ 51. Kg2 Rd1 52. Kf3 Rb1 53. Rc2 Be7
54. Bg3 a4 55. Rc7 Ke8 56. Rc8+ Kd7 57. Rc7+ Kd8 58. Rc2 Rf1+ 59. Ke2 Rg1 60.
Kf2 Rh1 61. Kf3 Kd7 62. Rc7+ Ke8 63. Rc8+ Kf7 64. Rc7 f4 65. Bxf4 Ke8 66. Bg5
Bd6 67. Rc8+ Kd7 68. Rc2 Rh3+ 69. Ke2 e5 70. Kd3 e4+ 71. Kc3 Ke6 72. Rg2 Kf5
73. Rg1 Rf3 74. Rg2 Ke6 75. Bh6 Kf7 76. Bg5 Rf1 77. Re2 Ke6 78. Rg2 Rc1+ 79.
Kd2 Rh1 80. Bd8 Rh2 81. Rxh2 Bxh2 82. Kc3 Bg3 83. Kb4 Kd7 84. Bg5 Kc6 85. Kc3
Be1+ 86. Kc2 Kd7 87. Kd1 Bg3 88. b3 axb3 89. Kc1 Ke6 90. Kb2 Be1 91. Kxb3 Kd7
92. a4 bxa4+ 93. Kxa4 Kc6 94. Kb3 Kd6 95. Ka3 Bc3 96. Kb3 Ba5 97. Ka4 Bd2 98.
Kb3 Ke6 99. Ka4 Bc3 100. Kb5 Bd2 101. Kc5 Be1 102. Kc6 Bg3 103. Bd8 Bf2 104.
Bg5 Bg3 105. Bd8 Bf2 106. Bg5 Be1 107. Kc5 Bd2 108. Bh6 Ba5 109. Bg5 Bc7 110.
Kc6 Bb8 111. Bd8 Bg3 112. Bg5 Bh2 113. Kc5 Bd6+ 114. Kc6 Bh2 115. Kc5 Bb8 116.
Kc6 Bd6 117. Bd8 Bf8 118. Ba5 Bh6 119. Bd2 g5 120. hxg5 Bxg5 121. Bc1 Be7 122.
Bd2 Bh4 123. Bb4 Bg5 124. Bd2 Bh6 125. Kc5 Bg7 126. Be1 Bf6 127. Bf2 Be7+ 128.
Kc6 Bd8 129. Bg3 Bg5 130. Bf2 Bh6 131. Kc5 Bf8+ 132. Kc6 Ba3 133. Bh4 Bb2 134.
Bg3 Bc3 135. Bd6 Be1 136. Bf4 Bd2 137. Kc5 Ba5 138. Bg5 Bc7 139. Kc6 Bg3 140.
Kc5 Bd6+ 141. Kc6 Bb4 142. Bf4 Ba5 143. Bd6 Bd2 144. Bf4 Be1 145. Bd6 Ba5 146.
Be5 Bd2 147. Bf4 Bb4 148. Be5 Be7 149. Bf4 Bf6 150. Bh6 Bh4 151. Bf4 Be7 152.
Bg3 Bb4 153. Bc7 Bf8 154. Bf4 Ba3 155. Be5 Bc1 156. Bf4 Bd2 157. Kc5 Bc3 158.
Be5 Be1 159. Kc6 Bf2 160. Bf4 Bh4 161. Bh6 Bg3 162. Kc5 Bb8 163. Bg5 Bh2 164.
Kc6 Bd6 165. Bh4 Bb4 166. Bg5 Bc3 167. Kc5 Ba5 168. Bf4 Bd8 169. Kc6 Be7 170.
Bg3 Bf6 171. Bd6 {Game drawn by the 50 move rule} 1/2-1/2

[Event "ICS rated blitz match"]
[Site "204.178.125.65"]
[Date "2000.12.15"]
[Round "?"]
[White "PostModernist"]
[Black "Hossa"]
[Result "0-1"]
[WhiteElo "2626"]
[BlackElo "2508"]
[PlyCount "152"]
[EventDate "2000.??.??"]

1. e4 c6 2. c4 d5 3. exd5 Nf6 4. Nc3 cxd5 5. cxd5 Nxd5 6. d4 e6 7. Nf3 Nc6 8.
Bd3 Bb4 9. Bd2 Nf6 10. O-O Nxd4 11. Nxd4 Qxd4 12. Nb5 Qxd3 13. Nc7+ Kd8 14. Be3
Qxd1 15. Rfxd1+ Nd5 16. Nxa8 b6 17. Rac1 Bd6 18. Nxb6 axb6 19. Bxb6+ Ke7 20.
Bc5 Bxc5 21. Rxc5 Ba6 22. a4 Kd6 23. Rdc1 Bd3 24. Rc6+ Kd7 25. R6c5 Rb8 26. Ra5
Ke7 27. Re1 Kf6 28. b4 Rxb4 29. Ra7 Nc3 30. a5 Ne2+ 31. Kh1 Nd4 32. Rd7 Bb5 33.
Rd8 Nc6 34. Rh8 Bd3 35. Ra8 Ra4 36. h4 Nxa5 37. Kg1 Bc2 38. f4 Bb3 39. Re5 Nc4
40. Rxa4 Bxa4 41. Rh5 h6 42. Rc5 Nd2 43. Rc7 Bb3 44. Kf2 Ne4+ 45. Ke3 Ng3 46.
Kf2 Nf5 47. Rc3 Bd5 48. h5 Nd6 49. Rc7 g6 50. hxg6 Kxg6 51. Kf1 Ne4 52. Ke2 h5
53. Kf3 Nd6+ 54. Kg3 Kf5 55. Rd7 Ne4+ 56. Kh3 f6 57. g3 Nf2+ 58. Kh2 h4 59.
gxh4 Kxf4 60. Kg1 Nd3 61. h5 Kg5 62. Rh7 f5 63. Kf1 e5 64. h6 Be4 65. Rh8 f4
66. h7 Kh6 67. Rg8 Bxh7 68. Rg2 e4 69. Rh2+ Kg7 70. Ra2 Bf5 71. Ra7+ Kf6 72.
Ra6+ Be6 73. Kg2 Ke5 74. Ra5+ Bd5 75. Kf1 f3 76. Ra3 e3 {PostModernist resigns}
0-1

[Event "ICS rated blitz match"]
[Site "204.178.125.65"]
[Date "2000.12.15"]
[Round "?"]
[White "Hossa"]
[Black "PostModernist"]
[Result "1-0"]
[WhiteElo "2529"]
[BlackElo "2605"]
[PlyCount "111"]
[EventDate "2000.??.??"]

1. Nf3 Nf6 2. c4 g6 3. Nc3 d5 4. cxd5 Nxd5 5. Qa4+ Bd7 6. Qh4 Nxc3 7. dxc3 Nc6
8. Bh6 e5 9. Bg5 Be7 10. Bxe7 Qxe7 11. Qxe7+ Kxe7 12. e3 Rad8 13. O-O-O Bg4 14.
Be2 e4 15. Nd4 Bxe2 16. Nxe2 Ne5 17. Nf4 Nd3+ 18. Nxd3 exd3 19. Rd2 c5 20. c4
Rd6 21. Rhd1 Rhd8 22. b3 a6 23. Kb2 b5 24. cxb5 axb5 25. Kc3 Ra6 26. g4 Ke6 27.
f4 f5 28. gxf5+ Kxf5 29. Rxd3 Rxd3+ 30. Kxd3 c4+ 31. bxc4 bxc4+ 32. Kxc4 Rxa2
33. Rd5+ Ke4 34. Re5+ Kf3 35. h4 Rh2 36. h5 gxh5 37. Kd5 Rb2 38. f5 Rb6 39. e4
h4 40. Re6 Rb7 41. f6 Rf7 42. Rd6 h3 43. Ke6 Rf8 44. Rd2 Kg3 45. Ke7 Rb8 46. f7
h2 47. Rd1 Kg2 48. e5 h1=Q 49. Rxh1 Kxh1 50. e6 h5 51. Kf6 Rb6 52. f8=Q Ra6 53.
Qb4 Kh2 54. Qd2+ Kg1 55. Qe1+ Kg2 56. Qe2+ {PostModernist resigns} 1-0

[Event "ICS rated blitz match"]
[Site "204.178.125.65"]
[Date "2000.12.15"]
[Round "?"]
[White "PostModernist"]
[Black "Hossa"]
[Result "1-0"]
[WhiteElo "2586"]
[BlackElo "2548"]
[PlyCount "157"]
[EventDate "2000.??.??"]

1. e4 c5 2. c3 d5 3. exd5 Qxd5 4. d4 Nf6 5. Nf3 e6 6. Be2 Nc6 7. O-O cxd4 8.
cxd4 Be7 9. Nc3 Qd6 10. Be3 O-O 11. Qd2 Qb8 12. Bf4 Bd6 13. Bxd6 Qxd6 14. Nb5
Qe7 15. Qd3 Rd8 16. Rfd1 Bd7 17. a3 Rac8 18. Ne5 b6 19. Qg3 Be8 20. Nc4 Ne4 21.
Qf4 f5 22. f3 Bh5 23. Rac1 h6 24. Rc2 Na5 25. fxe4 Rxc4 26. Rxc4 Bxe2 27. Rc7
Qf6 28. e5 Qg5 29. Qxg5 hxg5 30. b4 Bxd1 31. bxa5 Rd5 32. Rc8+ Kf7 33. Nd6+ Ke7
34. Rc7+ Kf8 35. a6 Rxd4 36. Rxa7 Kg8 37. Rb7 Ra4 38. a7 Kh7 39. Nc4 Bb3 40.
Nxb6 Bd5 41. Nxa4 Bxb7 42. Nc5 Bc6 43. Nxe6 Kg6 44. a4 f4 45. a5 Be4 46. Nc7 g4
47. a6 Kg5 48. a8=Q Bxa8 49. Nxa8 Kf5 50. a7 Kxe5 51. Nc7 Kd6 52. Ne8+ Ke7 53.
Nxg7 Kf6 54. Ne8+ Ke7 55. Nc7 Kd6 56. Nb5+ Kc6 57. a8=Q+ Kxb5 58. Qd5+ Kb4 59.
Qd4+ Kb3 60. Qxf4 Kc3 61. Qxg4 Kd3 62. Qd4+ Kxd4 63. h4 Ke4 64. g4 Kf4 65. h5
Kg5 66. Kg2 Kh6 67. Kf3 Kg5 68. Ke4 Kh6 69. Kf5 Kh7 70. g5 Kg7 71. h6+ Kf7 72.
g6+ Kg8 73. g7 Kf7 74. Ke5 Kg8 75. Ke6 Kh7 76. Kf7 Kxh6 77. g8=Q Kh5 78. Qg3
Kh6 79. Qh4# {Hossa checkmated} 1-0

[Event "ICS rated standard match"]
[Site "204.178.125.65"]
[Date "2000.12.15"]
[Round "?"]
[White "Hossa"]
[Black "PostModernist"]
[Result "0-1"]
[WhiteElo "2372"]
[BlackElo "2368"]
[PlyCount "178"]
[EventDate "2000.??.??"]

1. Nf3 Nf6 2. c4 g6 3. Nc3 d5 4. cxd5 Nxd5 5. Qa4+ Bd7 6. Qh4 Bc6 7. Nxd5 Qxd5
8. e3 Bg7 9. Bc4 Qd6 10. Ng5 e6 11. Ne4 Qe7 12. Qxe7+ Kxe7 13. f3 Nd7 14. d4
Rhd8 15. Nf2 Nb6 16. Be2 e5 17. dxe5 Bxe5 18. e4 Na4 19. Rb1 Nc5 20. O-O Ne6
21. Bc4 b5 22. Bb3 a5 23. Be3 Bd4 24. Rfe1 Bxe3 25. Rxe3 Nd4 26. Rc1 Rac8 27.
Bd1 b4 28. Nd3 Rb8 29. f4 Kf8 30. Ne5 Rb7 31. Nxc6 Nxc6 32. Kf2 Nd4 33. Rd3 c6
34. Rc4 Rbd7 35. Ba4 Rd6 36. Rc5 Ne6 37. Rxd6 Rxd6 38. Rxc6 Rxc6 39. Bxc6 Nxf4
40. Bb5 Ke7 41. Bc4 g5 42. a3 Ng6 43. axb4 Ne5 44. Bb5 axb4 45. Ke3 Kd6 46. Kd4
h5 47. h3 g4 48. h4 g3 49. Ke3 Ng6 50. Kf3 Nxh4+ 51. Kxg3 Ng6 52. Be8 Ke6 53.
b3 Kf6 54. Kf3 Nf8 55. Ke3 Ne6 56. e5+ Kxe5 57. Bxf7 Ng7 58. Kd3 h4 59. Kc4 Nf5
60. Kd3 Kf4 61. Bd5 Kg3 62. Be4 Ng7 63. Kc4 Ne6 64. Bd3 Nf4 65. Bf5 Nxg2 66.
Kd3 Kf3 67. Bd7 Ne3 68. Kd4 Nc2+ 69. Kd3 Na3 70. Kd4 Kf4 71. Kc5 Nc2 72. Bh3
Ke4 73. Bc8 Kd3 74. Be6 Kc3 75. Kd6 Nd4 76. Bd5 Nxb3 77. Ke5 h3 78. Kf4 Kd4 79.
Bc6 Nc5 80. Kg3 b3 81. Kxh3 b2 82. Kg4 b1=Q 83. Ba8 Qg6+ 84. Kf4 Ne4 85. Bxe4
Qxe4+ 86. Kg3 Ke3 87. Kh2 Kf3 88. Kg1 Qh7 89. Kf1 Qb1# {Hossa checkmated} 0-1

[Event "ICS rated blitz match"]
[Site "204.178.125.65"]
[Date "2000.12.15"]
[Round "?"]
[White "Hossa"]
[Black "SpitFire"]
[Result "1-0"]
[WhiteElo "2534"]
[BlackElo "2715"]
[PlyCount "111"]
[EventDate "2000.??.??"]

1. e4 e5 2. Nf3 Nf6 3. Nxe5 d6 4. Nf3 Nxe4 5. Qe2 Qe7 6. d3 Nf6 7. Bg5 Qxe2+ 8.
Bxe2 Be7 9. Nc3 c6 10. O-O-O Na6 11. Ne4 Nxe4 12. dxe4 Nc5 13. Bxe7 Kxe7 14.
Nd2 Be6 15. f4 g6 16. b3 f5 17. exf5 Bxf5 18. Rhe1 Kd7 19. g4 Be6 20. b4 Na4
21. Ne4 Bxa2 22. Rxd6+ Kc7 23. Rd4 Rhd8 24. Rd2 Rxd2 25. Kxd2 Rd8+ 26. Bd3 Nb2
27. Nc5 b6 28. Re7+ Kc8 29. Rxa7 bxc5 30. Rxa2 Nxd3 31. Ra8+ Kc7 32. Rxd8 Kxd8
33. Kxd3 cxb4 34. Kc4 Ke7 35. Kxb4 Kd6 36. Kc4 h6 37. f5 gxf5 38. gxf5 h5 39.
f6 h4 40. f7 Ke7 41. f8=Q+ Kxf8 42. Kc5 Ke7 43. Kxc6 Ke6 44. c4 Kf5 45. c5 Kg4
46. Kd5 Kh3 47. c6 Kxh2 48. Ke4 Kg3 49. c7 h3 50. c8=Q h2 51. Qc3+ Kg2 52. Qf3+
Kg1 53. Ke3 h1=N 54. Qg4+ Ng3 55. Qxg3+ Kf1 56. Qf2# {SpitFire checkmated} 1-0

[Event "ICS rated standard match"]
[Site "204.178.125.65"]
[Date "2000.12.15"]
[Round "?"]
[White "ChesterX"]
[Black "Hossa"]
[Result "0-1"]
[WhiteElo "2303"]
[BlackElo "2356"]
[PlyCount "78"]
[EventDate "2000.??.??"]

1. e4 c5 2. Nf3 Nc6 3. Nc3 e6 4. d4 cxd4 5. Nxd4 a6 6. Be3 d6 7. Be2 Nf6 8. O-O
Be7 9. f4 Qc7 10. Kh1 O-O 11. Qe1 Bd7 12. Qg3 d5 13. exd5 Nxd5 14. Nxd5 exd5
15. c3 Rfe8 16. Rfe1 Na5 17. Bf3 Nc4 18. Bxd5 Nxb2 19. Rab1 Qxc3 20. Ne2 Qd3
21. Bxf7+ Kxf7 22. Rxb2 Bb4 23. Bd2 Qxg3 24. hxg3 Bxd2 25. Rxd2 Bg4 26. Kh2 Re4
27. Kg1 Rae8 28. Kf2 h6 29. Rc2 g5 30. Rc7+ Kg8 31. Rc2 Kg7 32. Kf1 b5 33. Kf2
a5 34. Rc7+ Kg8 35. Rc2 b4 36. Rb2 a4 37. Kf1 a3 38. Rd2 Rxe2 39. Rexe2 Rxe2 {
ChesterX resigns} 0-1

[Event "ICS Unrated blitz match"]
[Site "204.178.125.65"]
[Date "2000.12.15"]
[Round "?"]
[White "diep"]
[Black "Hossa"]
[Result "1-0"]
[WhiteElo "2741"]
[BlackElo "2558"]
[PlyCount "157"]
[EventDate "2000.??.??"]

1. e4 c5 2. Nf3 Nc6 3. d4 cxd4 4. Nxd4 e6 5. Nb5 d6 6. c4 Nf6 7. N5c3 Be7 8.
Be2 O-O 9. O-O b6 10. Bf4 a6 11. Nd2 Bb7 12. Be3 Nd7 13. Nb3 Qc7 14. Re1 Nce5
15. Nd2 f5 16. f4 Ng6 17. g3 Bf6 18. exf5 exf5 19. Qc2 Rfe8 20. Bf2 Ne7 21.
Rad1 d5 22. cxd5 Bxd5 23. Nf1 Bxc3 24. Qxc3 Qxc3 25. bxc3 b5 26. Ne3 Nf6 27. c4
Bc6 28. Rd3 Ne4 29. Ra3 Bb7 30. Rb3 Bc6 31. Rd1 Kh8 32. Ra3 b4 33. Rad3 Nc3 34.
R1d2 Ne4 35. Rb2 Nxf2 36. Kxf2 a5 37. Rbd2 Be4 38. Rd7 Kg8 39. c5 Kf8 40. Nc4
Bc6 41. R7d6 Ra7 42. Ne5 Rc7 43. Bc4 Rb8 44. Rd8+ Rxd8 45. Rxd8+ Be8 46. Bb3 g5
47. fxg5 Rc8 48. Rxc8 Nxc8 49. Ke3 Ne7 50. Kf4 Bb5 51. Be6 a4 52. h4 Be8 53.
Nd3 b3 54. axb3 Bf7 55. Bxf7 a3 56. Nb4 Kxf7 57. Na2 Ke6 58. h5 Nc6 59. b4 Ne5
60. h6 Ng6+ 61. Ke3 Ne5 62. b5 Kd5 63. c6 Kd6 64. Kf4 Ke6 65. b6 Ng6+ 66. Ke3
Kd6 67. b7 Kc7 68. Nb4 a2 69. Nxa2 Ne5 70. Nb4 Nf7 71. Na6+ Kxc6 72. b8=Q Nxg5
73. Qc8+ Kb6 74. Qxf5 Kc6 75. Qxg5 Kd7 76. Qf6 Kc8 77. Qf7 Kd8 78. g4 Kc8 79.
Qc7# {Hossa checkmated} 1-0

[Event "ICS rated blitz match"]
[Site "204.178.125.65"]
[Date "2000.12.15"]
[Round "?"]
[White "tabori"]
[Black "Hossa"]
[Result "0-1"]
[WhiteElo "2322"]
[BlackElo "2558"]
[PlyCount "112"]
[EventDate "2000.??.??"]

1. d4 Nf6 2. c4 e6 3. Nc3 Bb4 4. Qc2 O-O 5. a3 Bxc3+ 6. Qxc3 b6 7. Bg5 Bb7 8.
f3 d6 9. e4 c5 10. d5 Nxe4 11. Qxg7+ Kxg7 12. Bxd8 Rxd8 13. fxe4 exd5 14. cxd5
Re8 15. Bd3 Bxd5 16. O-O-O Bxe4 17. Bxe4 Rxe4 18. Rxd6 Rg4 19. g3 Rd4 20. Rxd4
cxd4 21. Nf3 Nc6 22. Kd2 Rd8 23. Rc1 Rd6 24. Kd3 f5 25. Re1 Kf6 26. Re8 h6 27.
b3 a5 28. h3 Rd5 29. g4 Rb5 30. Nxd4 Nxd4 31. Kxd4 Rxb3 32. Rb8 fxg4 33. hxg4
b5 34. Rb7 Kg6 35. Ke4 Kg5 36. Rg7+ Kh4 37. Rb7 Kxg4 38. Rg7+ Kh4 39. Rb7 h5
40. Kf4 b4 41. a4 Ra3 42. Ke4 Rxa4 43. Kf5 Ra3 44. Ke4 Kh3 45. Rh7 h4 46. Ra7
Kg2 47. Rg7+ Rg3 48. Ra7 h3 49. Rxa5 h2 50. Ra2+ Kh3 51. Ra1 b3 52. Rh1 Rg1 53.
Rxh2+ Kxh2 54. Kd3 b2 55. Kc3 b1=Q 56. Kd4 Rg5 {tabori resigns} 0-1

[Event "ICS rated standard match"]
[Site "204.178.125.65"]
[Date "2000.12.15"]
[Round "?"]
[White "Hossa"]
[Black "diep"]
[Result "0-1"]
[WhiteElo "2370"]
[BlackElo "2527"]
[PlyCount "118"]
[EventDate "2000.??.??"]

1. d4 Nf6 2. c4 e6 3. Nf3 b6 4. g3 Bb7 5. Bg2 Be7 6. O-O O-O 7. Nc3 Ne4 8. Qc2
Nxc3 9. Qxc3 c5 10. Rd1 d6 11. dxc5 bxc5 12. Bf4 Nc6 13. Rd2 Qc7 14. Ne1 e5 15.
Be3 Nd4 16. Bxb7 Qxb7 17. Qd3 a5 18. Bxd4 cxd4 19. e3 dxe3 20. fxe3 f5 21. Rf2
g6 22. Rd1 Rfc8 23. b3 a4 24. Rb2 axb3 25. Qxb3 Qxb3 26. axb3 Kf7 27. Nf3 Ke6
28. Kf2 Ra3 29. h4 Rca8 30. Nd2 e4 31. Rc2 Ra2 32. Rdc1 Bf6 33. Kg2 R8a3 34.
Kf2 h6 35. Ke2 Bb2 36. Rg1 Be5 37. Rxa2 Rxa2 38. Rg2 Bc3 39. Kd1 Ra1+ 40. Kc2
Bb4 41. Re2 Rg1 42. Rf2 h5 43. Nf1 Be1 44. Rf4 Rg2+ 45. Kc1 Bb4 46. Kd1 Bc3 47.
Kc1 Be5 48. Kd1 Bxf4 49. gxf4 d5 50. c5 Kd7 51. Nd2 Rg1+ 52. Ke2 Kc6 53. b4 Kb5
54. Kf2 Rc1 55. Nb3 Rc2+ 56. Ke1 Kxb4 57. Nd4 Rxc5 58. Kd2 Rc8 59. Ne2 Rc6 {
Hossa resigns} 0-1

[Event "ICS rated blitz match"]
[Site "204.178.125.65"]
[Date "2000.12.15"]
[Round "?"]
[White "Hossa"]
[Black "PostModernist"]
[Result "0-1"]
[WhiteElo "2573"]
[BlackElo "2613"]
[PlyCount "182"]
[EventDate "2000.??.??"]

1. d4 Nf6 2. c4 c5 3. Nf3 g6 4. dxc5 Na6 5. Nc3 Nxc5 6. Be3 e6 7. Bd4 Be7 8. b4
Nce4 9. Nxe4 Nxe4 10. Qb1 Nf6 11. e3 O-O 12. Bd3 a5 13. a3 axb4 14. axb4 Rxa1
15. Bxa1 d5 16. c5 Bd7 17. O-O Ng4 18. h3 Nf6 19. Be5 Bc6 20. b5 Bd7 21. Qc2
Qe8 22. Nd4 Bc8 23. c6 Nh5 24. cxb7 Bxb7 25. Qc7 Ba8 26. b6 f6 27. Bh2 e5 28.
b7 Bxb7 29. Qxb7 exd4 30. Qxd5+ Kh8 31. Qxd4 Qc6 32. Be4 Qc8 33. Qa7 Qe6 34.
Bf3 Ng7 35. Rd1 Re8 36. Bd5 Qc8 37. Qa4 Qc5 38. e4 Rd8 39. Bf4 Nh5 40. Be3 Qc7
41. Rb1 Bd6 42. Rb7 Qc3 43. Qd1 Qe5 44. Kf1 Qh2 45. Qf3 Bf4 46. g4 Bxe3 47.
gxh5 Bd4 48. hxg6 hxg6 49. Rb4 Be5 50. Qg4 Kg7 51. Rb7+ Bc7 52. Qe6 Kh6 53.
Qxf6 Qxh3+ 54. Ke2 Rc8 55. Qe6 Qh5+ 56. f3 Qh2+ 57. Kd3 Ba5 58. Qxc8 Qd2+ 59.
Kc4 Qc1+ 60. Kb5 Qxc8 61. Kxa5 Qc3+ 62. Kb5 Qxf3 63. Rb8 Kh5 64. Rg8 Qf6 65.
Kc5 g5 66. Bc4 Qe5+ 67. Bd5 g4 68. Kc6 g3 69. Kc5 Qf6 70. e5 Qxe5 71. Kc4 Kh4
72. Kc5 Kh3 73. Kc6 Kh2 74. Kc5 Qc7+ 75. Kb5 Qh7 76. Rg5 Qb1+ 77. Ka5 Qe1+ 78.
Kb5 Qe2+ 79. Bc4 Qe8+ 80. Ka6 g2 81. Rxg2+ Kxg2 82. Bd5+ Kg3 83. Kb6 Kf4 84.
Bc6 Qe3+ 85. Kc7 Ke5 86. Bb7 Qc5+ 87. Kd7 Qd6+ 88. Kc8 Qb6 89. Kb8 Kd6 90. Ka8
Kc7 91. Bd5 Qa5# {Hossa checkmated} 0-1

[Event "ICS rated blitz match"]
[Site "204.178.125.65"]
[Date "2000.12.15"]
[Round "?"]
[White "PostModernist"]
[Black "Hossa"]
[Result "1-0"]
[WhiteElo "2627"]
[BlackElo "2559"]
[PlyCount "93"]
[EventDate "2000.??.??"]

1. d4 Nf6 2. c4 e6 3. Nf3 b6 4. g3 Bb7 5. Bg2 Be7 6. Nc3 Ne4 7. Bd2 Nxd2 8.
Qxd2 O-O 9. O-O d6 10. d5 e5 11. e4 f5 12. exf5 Rxf5 13. Qd3 Qf8 14. Rfe1 Nd7
15. Ne4 Nc5 16. Nxc5 bxc5 17. Re3 Rh5 18. g4 Rh6 19. g5 Rh5 20. h4 Bc8 21. Nxe5
Rxh4 22. Nf3 Rf4 23. Qe2 Bg4 24. Rxe7 Bxf3 25. Bxf3 Rxf3 26. Re1 Qf5 27. Qe6+
Qxe6 28. dxe6 Rc8 29. Re4 a5 30. Rd7 Rff8 31. b3 Rfe8 32. Kf1 Kh8 33. f4 Rf8
34. Ke2 Kg8 35. Kf3 g6 36. Re1 Rfd8 37. Kg4 Re8 38. f5 gxf5+ 39. Kh5 f4 40. Kh6
f3 41. Rg7+ Kh8 42. e7 f2 43. Rxh7+ Kg8 44. Re6 Rxe7 45. Rg6+ Kf8 46. Rh8+ Kf7
47. Rf6# {Hossa checkmated} 1-0

[Event "ICS rated blitz match"]
[Site "204.178.125.65"]
[Date "2000.12.15"]
[Round "?"]
[White "Hossa"]
[Black "ChesterX"]
[Result "0-1"]
[WhiteElo "2546"]
[BlackElo "2613"]
[PlyCount "96"]
[EventDate "2000.??.??"]

1. e4 Nc6 2. Nf3 d6 3. d4 Nf6 4. Nc3 Bg4 5. Be2 e5 6. d5 Bxf3 7. gxf3 Nd4 8.
Be3 Nxe2 9. Qxe2 Qd7 10. O-O-O a6 11. f4 O-O-O 12. f3 Nh5 13. fxe5 dxe5 14. Kb1
Bd6 15. Qc4 Rhf8 16. Na4 Qh3 17. Qe2 f5 18. Rdf1 fxe4 19. fxe4 Rxf1+ 20. Rxf1
Nf4 21. Bxf4 exf4 22. Rf3 Qd7 23. Nc3 Be5 24. Qg2 Kb8 25. Ne2 Qb5 26. Rb3 Qa5
27. Nc3 Re8 28. h4 Bxc3 29. bxc3 Qc5 30. Qxg7 f3 31. Qf6 f2 32. Qxa6 Kc8 33.
Rxb7 f1=Q+ 34. Qxf1 Kxb7 35. Qd3 Qg1+ 36. Kb2 Rb8 37. c4 Qe1 38. c3 Kc8+ 39.
Kc2 Qb1+ 40. Kd2 Rb2+ 41. Ke3 Qg1+ 42. Kf4 Qh2+ 43. Qg3 Rf2+ 44. Kg4 h5+ 45.
Kxh5 Qxg3 46. d6 cxd6 47. a4 Rf6 48. c5 Qg6# {Hossa checkmated} 0-1